00399 2200157 4500245003800000020002200038250001100060100001700071650004300088005001900131260003100150041001400181084000800195300002900203336000900232 aBlood DiariescMoss MarissahText a978-602-366-079-7 aCet. 1 aMoss Marissa aFiksi Inggris (dalam Bahasa Indonesia) a20230119084613 aSolobTiga Serangkaic2015 aIndonesia a813 aviii, 128 hlm. :c20 cm. atext